| 000 | 00000nam##2200000za#4500 |
| 001 | 9.603791 |
| 003 | CaOODSP |
| 005 | 20210624211241 |
| 007 | cr ||||||||||| |
| 008 | 150406|1999||||xxc|||||o f|0| 0 fre|d |
| 040 | |aCaOODSP|bfre |
| 043 | |an-cn--- |
| 086 | 1 |aH42-2/67-14-1999F-PDF |
| 110 | 1 |aCanada.|bSanté Canada. |bDirection des produits thérapeutiques. |
| 245 | 10|aÉvaluation de la cancérogénicité des produits pharmaceutiques |h[ressource électronique] |
| 260 | |aOttawa - Ontario : |bSanté Canada. |c1999, c2000. |
| 300 | |a17p.|bréférences |
| 490 | 1 |aLigne directrice à l'intention de l'industrie |vICH thème S1B |
| 500 | |aLe n° de catalogue (H42–2/67-14-1999F) et l'ISBN (0-662-84255-3) de l'édition imprimée ont été incorrectement copiés dans l'édition électronique. |
| 590 | |a12-15-Supp|b2012-04-13 |
| 775 | 08|tTesting for carcinogenicity of pharmaceuticals / |w(CaOODSP)9.573627 |
| 776 | 0#|tÉvaluation de la cancérogénicité des produits pharmaceutiques |w(CaOODSP)9.625204 |
| 830 | #0|aLigne directrice à l'intention de l'industrie ;|vICH thème S1B|w(CaOODSP)9.500885 |
| 856 | 40|ahttp://publications.gc.ca|qPDF|s66 Ko|uhttps://publications.gc.ca/collections/Collection/H42-2-67-14-1999F.pdf|yICH thème S1B |